000 00370nam a2200133 a 4500
005 20251024150218.0
008 251024s2025##################000#0#eng##
082 0 4 _a584.909547
_bBLA
100 _aBlatter, E
245 1 0 _aThe Bombay Grasses
_cBlatter, E. & McCann, C.
260 _aDehradun
_bBishen Singh Mahendra Pal Singh
_c1984
650 _aBotany
942 _cENGLISH
999 _c593369
_d593369